000 01231nam0a22003131 4500
001 rc\3557686
005 20250610112546.0
021 _aRU
_b[77-6173]
035 _a(NLR Aleph) 007877262
090 _a7895643
_c7895643
100 _a20130115d1976 |||y0rusy50 ca
101 0 _arus
102 _aRU
105 _aa z |||||
200 1 _aТоксикозы беременных
_e(Клинико-иммунол. анализ)
_fМ.И. Китаев, С.М. Лехтман, М.П. Шаповал
210 _aФрунзе
_cКыргызстан
_d1976
215 _a101 с.
_cил.
_d20
300 _aВ вып. дан. 2-й авт.: Сара Михайловна Лехтман
320 _aСписок лит.: с. 96-100 (140 назв.)
606 _aБеременность
_xТоксикозы
_2psbo
700 1 _aКитаев
_bМ.И.
_gМихаил Исаакович
701 1 _6z01790
_aЛехтман
_bС.М.
_gСарра Михайловна
701 1 _aШаповал
_bМ.П.
_gМаргарита Павловна
790 1 _6z01701
_aЛехтман
_bС.М.
_gСара Михайловна
801 0 _aRU
_bNLR
_gpsbo
801 1 _aRU
_bELAR
_2rusmarc
852 _aNLR
_j77-3/6819
942 _cBOOK
980 _aNB